Top 10 best European Football players of the 21st century - Statistics

General Stats
  • This quiz has been taken 44 times
  • The average score is 5 of 11
Answers on the Grid
Answers color-coded by a green-red scale on the quiz's grid according to % correct below.
Lewandowski
Messi
Ronaldo
Iniesta
Ronaldhino
Neymar
Zidane
Mbappe
Ronaldo Nazario
Xavi Hernandez
Thiery Henry
Suarez
Kane
Musiala
Nuer
Donnaruma
Courtois
Antony
Reus
Ghullit
Virgil Van Dijk
Raphinia
Lamine Yamal
Palmer
Salah
Maldini
Mane
Bojan
Puyol
Pique
 
Answer Stats
Answer % Correct
Ronaldo
83%
Messi
70%
Zidane
57%
Lewandowski
50%
Iniesta
43%
Neymar
43%
Mbappe
40%
Xavi Hernandez
40%
Ronaldhino
30%
Ronaldo Nazario
30%
Antony
3%
No matching quizzes found
Score Distribution
Percent of People with Each Score
Percentile by Number Answered
Your Score History
You have not taken this quiz